|
|
|
|
| LEADER |
00000cam a2200000 7i4500 |
| 001 |
0000002520 |
| 005 |
20030714.0 |
| 020 |
0 |
0 |
|a 2831704014
|
| 090 |
0 |
0 |
|a 333.9564211
|b STU 1997
|
| 110 |
1 |
0 |
|a STURGEON Stocks and Caviar Trade Workshop
|k 1995
|j Bonn, Germany
|
| 245 |
1 |
0 |
|a Sturgeon Stocks and Caviar Trade Workshop :
|b proceedings of a workshop held on 9-10 October 1995 in Bonn, Germany by the Federal Ministry for the Environment, Nature Conservation, and Nuclear Safety and the Federal Agency for Nature Conservation
|c VadimJ. Birstein, Andreas Bauer, and Astrid Kaiser-Pohlmann, editors
|
| 260 |
0 |
0 |
|a Gland, Switzerland :
|b IUCN--the World Conservation Unionc1997
|
| 300 |
|
|
|a viii, 88 p. :
|b ill., maps ;
|c 28 cm.
|
| 440 |
0 |
0 |
|a Occasional paper of the IUCN Species Survival Commission (SSC) ;
|v no. 17
|
| 500 |
0 |
0 |
|a Includes bibliographical references
|
| 650 |
0 |
0 |
|a Caviar
|x Congresses
|
| 650 |
0 |
0 |
|a Fish populations
|x Congresses
|
| 650 |
0 |
0 |
|a Fishery conservation
|x Congresses
|
| 650 |
0 |
0 |
|a Sturgeons
|x Congresses
|
| 700 |
0 |
1 |
|a Bauer
|h Andreas
|
| 700 |
0 |
1 |
|a Birstein
|h Vadim J.
|
| 700 |
0 |
1 |
|a Kaiser-Pohlmann
|h Astrid
|
| 710 |
1 |
1 |
|a International Union for Conservation of Nature and Natural Resources ,
|c Species Survival Commission
|
| 998 |
|
|
|a JPSM
|
| 999 |
|
|
|a 0000004681
|b Monograph
|c Open Shelf
|e Default branch
|